000 00634ntaaa2200217 4500
003 01
005 20251027201005.0
008 0714s1973 ag 01
020 _a847057387X
040 _aAR-BaBN
_bspa
_cAR-BaBN
_eaacr
_dRIC
082 _a230.092 F84s
100 _aFraijo, Manuel
_96924
245 _aEl sentido de la historia: introducción al ppensamiento de W. Pannenberg /
_cManuel Fraijo
250 _a1 ed.
260 _aMadrid :
_bCristiandad,
_c1986
300 _a328 p. ;
_c20 cm.
500 _aBibliografia: p. 287-321
650 _aTeología Contemporánea
_91414
650 _aPannenberg, Wolfhart
_96925
942 _cBK
999 _c3935
_d3935